000
00210 a2200097 4500
001
20506
100
_a
Betekhtin A
245
_a
Course of Mineralogy
260
_a
_b
Peace Publishers
_c
090
_c
14903
_d
14903
942
_a
NUST-CAE
_c
M
_c
5451
999
_c
255579
_d
255579